00957 a2200229 4500003000500000005001700005010001700022020004000039040000900079082001600088100002500104245004500129250002600174260004400200300005900244505015600303650003500459856007500494942001300569999001900582952012600601Nust20220804133127.0 a 2005433261 a3540240357 (hardcover : alk. paper) cNust00a621.367,JAH1 aJahne, Bernd,98330210aDigital image processing /cBernd Jahne. a6th rev. and ext. ed. aBerlin ;aNew York :bSpringer,cc2005. axiii, 607 p. :bill. ;c24 cm. +e1 CD-ROM (4 3/4 in.) aFoundation (Page-3), Image Formation and Preprocessing (Page-157), Feature Extraction (Page-299), Image Analysis (Page-449), Reference Part (Page-553). 0aTelecommunication Engineering.413Table of contentsuhttp://www.loc.gov/catdir/toc/fy055/2005433261.html cREF2ddc c175584d175584 00102ddc4070aMCSbMCScREFd2016-12-12o621.367,JAHpMCS32494r2016-12-08w2016-12-12yREFzAlmirah No.20, Shelf No.5